NNAUKETTU (Record no. 14137)

MARC details
000 -LEADER
fixed length control field 00326nam a2200133Ia 4500
005 - DATE AND TIME OF LATEST TRANSACTION
control field 20250409181242.0
008 - FIXED-LENGTH DATA ELEMENTS--GENERAL INFORMATION
fixed length control field 250409s9999||||xx |||||||||||||| ||und||
020 ## - INTERNATIONAL STANDARD BOOK NUMBER
International Standard Book Number 81-226-0490-0
100 ## - MAIN ENTRY--PERSONAL NAME
Personal name VASUDEVAN NAIR, M T
245 #0 - TITLE STATEMENT
Title NNAUKETTU
260 ## - PUBLICATION, DISTRIBUTION, ETC.
Name of publisher, distributor, etc. CURRENT BOOKS,
Place of publication, distribution, etc. KOTTAYAM:
650 ## - SUBJECT ADDED ENTRY--TOPICAL TERM
Form subdivision Malayalam Fiction
942 ## - ADDED ENTRY ELEMENTS (KOHA)
Koha item type BOOK
Holdings
Withdrawn status Lost status Damaged status Not for loan Collection Home library Current library Shelving location Date acquired Total checkouts Total renewals Full call number Barcode Date last seen Date last checked out Price effective from Koha item type
        Malayalam Fiction St.Dominics College Library St.Dominics College Library Malayalam Literature 04/09/2025 3 2 894.8123 VAS 23606 11/17/2025 11/12/2025 04/09/2025 BOOK